000 00584nam a22002297a 4500
003 OSt
005 20140310182913.0
008 130128t xxu||||| |||| 00| 0 eng d
020 _a9789715846967
050 _aBX2350
_b.Qu6 2008
082 _aFIL248.4
_bQ4 2008
245 _aThe Upward call : Choices Part II
_cQuitain Bobby
260 _aQuezon City
_bC&E Publishing
_c 2008
300 _axii, 134 p.
_c22 cm
521 _aCollege
526 _c1210L-1700L
541 _j1
541 _j2
541 _j3
562 _e3
942 _2lcc
_cBK
_kFIL
999 _c17260
_d17260